Normal view
MARC view
Entry Personal Name
001 - CONTROL NUMBER
- control field: 71379
003 - CONTROL NUMBER IDENTIFIER
- control field: dpl
005 - DATE AND TIME OF LATEST TRANSACTION
- control field: 20240910115854.0
008 - FIXED-LENGTH DATA ELEMENTS
- fixed length control field: 240910|| aca||aabn | a|a d
040 ## - CATALOGING SOURCE
- Original cataloging agency: dpl
- Transcribing agency: dpl
100 ## - HEADING--PERSONAL NAME
- Personal name: कुमारी ,सुमन
670 ## - SOURCE DATA FOUND
- Source citation: Work cat.: (dpl)205744: शिक्षा साहित्य संस्कृति एवं लोक - संस्कृति :, 2018
